000
00282nam a22001337a 4500
008
170130b xxu||||| |||| 00| 0 eng d
020
_a
227774
041
_a
eng
080
_a
61
100
_a
3
101
_a
SHMI
245
_a
RHYTHM QUIZLETS II
_c
MARRIOT, H.J.L
942
_2
udc
_c
BK
999
_c
4034
_d
4034